<?xml version="1.0" encoding="UTF-8"?>
<record
    xmlns:xsi="http://www.w3.org/2001/XMLSchema-instance"
    xsi:schemaLocation="http://www.loc.gov/MARC21/slim http://www.loc.gov/standards/marcxml/schema/MARC21slim.xsd"
    xmlns="http://www.loc.gov/MARC21/slim">

  <leader>04770nam a2200505Ia 4500</leader>
  <controlfield tag="001">dia_6735</controlfield>
  <controlfield tag="003">CHAP</controlfield>
  <controlfield tag="005">20240801184956.0</controlfield>
  <controlfield tag="007">ta</controlfield>
  <controlfield tag="008">220117s2017    mx adeofrm    001 0 spa d</controlfield>
  <datafield tag="010" ind1=" " ind2=" ">
    <subfield code="a">178000</subfield>
  </datafield>
  <datafield tag="040" ind1=" " ind2=" ">
    <subfield code="c">CHAP</subfield>
    <subfield code="a">mxchpua</subfield>
  </datafield>
  <datafield tag="041" ind1="0" ind2=" ">
    <subfield code="a">spa</subfield>
    <subfield code="b">eng</subfield>
  </datafield>
  <datafield tag="090" ind1=" " ind2=" ">
    <subfield code="a">Tesis </subfield>
    <subfield code="b">S268 </subfield>
    <subfield code="c">2017</subfield>
  </datafield>
  <datafield tag="100" ind1="1" ind2=" ">
    <subfield code="a">Santos V&#xE1;zquez, Cristian</subfield>
  </datafield>
  <datafield tag="245" ind1="1" ind2="0">
    <subfield code="a">Dise&#xF1;o, instalaci&#xF3;n de una c&#xE1;mara frigor&#xED;fica para el almacenamiento de manzana (Malus spp.) en Cd. Cuauhtemoc, Chihuahua /</subfield>
    <subfield code="c">Cristian Santos V&#xE1;zquez</subfield>
  </datafield>
  <datafield tag="264" ind1=" " ind2=" ">
    <subfield code="a">Chapingo, M&#xE9;xico :</subfield>
    <subfield code="b">El autor,</subfield>
    <subfield code="c">2017</subfield>
  </datafield>
  <datafield tag="300" ind1=" " ind2=" ">
    <subfield code="a">96 hojas :</subfield>
    <subfield code="b">ilustraciones, gr&#xE1;ficas, diagramas, tablas, fotos, planos +</subfield>
    <subfield code="e">1 CD-ROM</subfield>
  </datafield>
  <datafield tag="336" ind1=" " ind2=" ">
    <subfield code="2">rdacontent</subfield>
    <subfield code="a">texto</subfield>
    <subfield code="b">txt</subfield>
  </datafield>
  <datafield tag="337" ind1=" " ind2=" ">
    <subfield code="2">rdamedia</subfield>
    <subfield code="a">no mediado</subfield>
    <subfield code="b">n</subfield>
  </datafield>
  <datafield tag="338" ind1=" " ind2=" ">
    <subfield code="2">rdacarrier</subfield>
    <subfield code="a">volumen</subfield>
    <subfield code="b">nc</subfield>
  </datafield>
  <datafield tag="500" ind1=" " ind2=" ">
    <subfield code="a">El CD contiene reporte y art&#xED;culo --
 Los planos est&#xE1;n incluidos en el reporte</subfield>
  </datafield>
  <datafield tag="502" ind1=" " ind2=" ">
    <subfield code="a">Tesis</subfield>
    <subfield code="b">(Ingeniero Agroindustrial) --</subfield>
    <subfield code="c">UACh. Departamento de Ingenier&#xED;a Agroindustrial,</subfield>
    <subfield code="d">2017</subfield>
  </datafield>
  <datafield tag="504" ind1=" " ind2=" ">
    <subfield code="a">Bibliograf&#xED;a: hojas 90-92</subfield>
  </datafield>
  <datafield tag="505" ind1=" " ind2=" ">
    <subfield code="a">1 plano :--
1. Diagrama de tuber&#xED;as e instrumentos</subfield>
  </datafield>
  <datafield tag="520" ind1="3" ind2=" ">
    <subfield code="a">La aplicaci&#xF3;n de m&#xE9;todos de conservaci&#xF3;n que mantengan las caracter&#xED;sticas organol&#xE9;pticas de los productos cada vez toma mayor importancia, ya que el mercado requiere de productos m&#xED;nimamente procesados; uno de los m&#xE9;todos es la aplicaci&#xF3;n de bajas temperaturas mediante la utilizaci&#xF3;n de c&#xE1;maras frigor&#xED;ficas para almacenamiento de alimentos. El presente trabajo tuvo la finalidad de realizar el c&#xE1;lculo de los requerimientos de una c&#xE1;mara frigor&#xED;fica de forma eficiente, para prolongar la vida de anaquel y satisfacer los requerimientos del mercado en temporada baja de manzana producida en el municipio de Cuauht&#xE9;moc, Chihuahua. Dise&#xF1;o realizado bajo las recomendaciones de la Sociedad Americana de ingenieros en Calefacci&#xF3;n, Refrigeraci&#xF3;n y Aire Acondicionado (ASHRAE). La capacidad de la c&#xE1;mara se estim&#xF3; en 1400 toneladas, con dimensiones de 28.3 m de ancho, 28.2 m de largo y 9.5 m de alto, capacidad alcanzada en 12 d&#xED;as con un flujo de entrada de 125 toneladas por d&#xED;a, bajo estas condiciones se calcul&#xF3; una carga t&#xE9;rmica de 78.14 TR (274.807 kW) a una temperatura interior de la c&#xE1;mara de 0 &#xBA;C. Se seleccion&#xF3; el refrigerante aplicando la terminolog&#xED;a de compresi&#xF3;n simple, obteniendo al R717 como la mejor opci&#xF3;n, ya que el efecto refrigerante para estas condiciones fue 5.8 m&#xE1;s que el R22 y 6.6 veces m&#xE1;s que el R134a. Se opt&#xF3; por utilizar un sistema recirculado tipo Phillips que ofrece bastantes beneficios para el amoniaco (R717) en estas condiciones. --</subfield>
  </datafield>
  <datafield tag="520" ind1="3" ind2=" ">
    <subfield code="a">The application of conservation methods that maintain the organoleptic characteristics of the products is becoming more and more important, since the market requires minimally processor products; One of the methods is the application of low temperatures through the use of refrigeration chambers for food storage. The present work had the purpose of making the calculation of the requirements of a refrigeration chamber efficiently, to prolong shelf life and satisfy the requirements of the market in low season Apple produced in the municipality of Cuauht&#xE9;moc, Chihuahua. Design made under the recommendations of the American Society of Heating, Refrigeration and Air Conditioning Engineers (ASHRAE). The capacity of the camera was estimated at 1400 tonnes, with dimensions of 28.3 m wide, 28.2 m long and 9.5 m high, capacity reached in 12 days with an inlet flow of 125 tons per day, under these conditions a thermal load of 78.14 TR was calculated (274,807 KW ) at an internal temperature of the Chamber of 0 &#xB0; C. The refrigerant was selected by applying the simple compression terminology, obtaining the R717 as the best option, since the refrigerant effect for these conditions was 5.8 more than the R22 and 6.6 times more than the R134a. It was opt to use a recirculated Phillips-type system that offers many benefits for ammonia (R717) under these conditions.</subfield>
  </datafield>
  <datafield tag="650" ind1="1" ind2="3">
    <subfield code="a">Dise&#xF1;o de equipamiento  </subfield>
    <subfield code="2">atg</subfield>
  </datafield>
  <datafield tag="650" ind1="1" ind2="3">
    <subfield code="a">Manzanas</subfield>
    <subfield code="x">Almacenamiento en fr&#xED;o  </subfield>
    <subfield code="2">atg</subfield>
  </datafield>
  <datafield tag="650" ind1="1" ind2="3">
    <subfield code="a">Manzanas</subfield>
    <subfield code="x">Refrigeraci&#xF3;n  </subfield>
    <subfield code="2">atg</subfield>
  </datafield>
  <datafield tag="650" ind1="1" ind2="3">
    <subfield code="a">Apples</subfield>
    <subfield code="x">Cold storage  </subfield>
    <subfield code="2">atg</subfield>
  </datafield>
  <datafield tag="650" ind1="1" ind2="3">
    <subfield code="a">Apples</subfield>
    <subfield code="x">Refrigeration  </subfield>
    <subfield code="2">atg</subfield>
  </datafield>
  <datafield tag="650" ind1="1" ind2="3">
    <subfield code="a">Equipment design</subfield>
    <subfield code="2">atg</subfield>
  </datafield>
  <datafield tag="700" ind1="1" ind2=" ">
    <subfield code="a">Marchand Ortega, Rub&#xE9;n</subfield>
    <subfield code="e">director</subfield>
  </datafield>
  <datafield tag="700" ind1="1" ind2=" ">
    <subfield code="a">Mart&#xED;nez Mosqueda, Francisco</subfield>
    <subfield code="e">asesor</subfield>
  </datafield>
  <datafield tag="700" ind1="1" ind2=" ">
    <subfield code="a">Ponce Hern&#xE1;ndez, Pedro</subfield>
    <subfield code="e">asesor</subfield>
  </datafield>
  <datafield tag="856" ind1="4" ind2="1">
    <subfield code="u">http://10.13.5.2/tesis/sist114586.pdf</subfield>
    <subfield code="y">DESCARGAR PDF</subfield>
  </datafield>
  <datafield tag="901" ind1=" " ind2=" ">
    <subfield code="a">TESIS S268 2017</subfield>
  </datafield>
  <datafield tag="902" ind1=" " ind2=" ">
    <subfield code="a">M</subfield>
  </datafield>
  <datafield tag="905" ind1=" " ind2=" ">
    <subfield code="a">5232272017                          mx dnml8223223322spa16</subfield>
  </datafield>
  <datafield tag="942" ind1=" " ind2=" ">
    <subfield code="c">TESIS</subfield>
    <subfield code="2">Clasificaci&#xF3;n Universidad Aut&#xF3;noma Chapingo</subfield>
  </datafield>
  <datafield tag="999" ind1=" " ind2=" ">
    <subfield code="c">178000</subfield>
    <subfield code="d">178000</subfield>
  </datafield>
  <datafield tag="952" ind1=" " ind2=" ">
    <subfield code="0">0</subfield>
    <subfield code="1">0</subfield>
    <subfield code="2">local</subfield>
    <subfield code="4">0</subfield>
    <subfield code="5">5</subfield>
    <subfield code="7">0</subfield>
    <subfield code="8">TESIS</subfield>
    <subfield code="a">IA_</subfield>
    <subfield code="b">IA_</subfield>
    <subfield code="d">2022-01-18</subfield>
    <subfield code="e">El autor</subfield>
    <subfield code="l">1</subfield>
    <subfield code="o">Tesis S268 2017</subfield>
    <subfield code="p">1101011205</subfield>
    <subfield code="r">2024-08-07 16:53:31</subfield>
    <subfield code="s">2024-08-07</subfield>
    <subfield code="t">Ej. 3</subfield>
    <subfield code="w">2022-01-18</subfield>
    <subfield code="y">CD</subfield>
  </datafield>
  <datafield tag="952" ind1=" " ind2=" ">
    <subfield code="0">0</subfield>
    <subfield code="1">0</subfield>
    <subfield code="2">local</subfield>
    <subfield code="4">0</subfield>
    <subfield code="5">1</subfield>
    <subfield code="7">0</subfield>
    <subfield code="8">TESIS</subfield>
    <subfield code="a">IA_</subfield>
    <subfield code="b">IA_</subfield>
    <subfield code="d">2022-01-18</subfield>
    <subfield code="e">El autor</subfield>
    <subfield code="l">1</subfield>
    <subfield code="o">Tesis S268 2017</subfield>
    <subfield code="p">1101011203</subfield>
    <subfield code="r">2026-02-02 00:00:00</subfield>
    <subfield code="s">2022-09-02</subfield>
    <subfield code="t">Ej. 1</subfield>
    <subfield code="w">2022-01-18</subfield>
    <subfield code="y">TESIS</subfield>
  </datafield>
  <datafield tag="952" ind1=" " ind2=" ">
    <subfield code="0">0</subfield>
    <subfield code="1">0</subfield>
    <subfield code="2">local</subfield>
    <subfield code="4">0</subfield>
    <subfield code="5">1</subfield>
    <subfield code="7">0</subfield>
    <subfield code="8">TESIS</subfield>
    <subfield code="a">IA_</subfield>
    <subfield code="b">IA_</subfield>
    <subfield code="d">2022-01-18</subfield>
    <subfield code="e">El autor</subfield>
    <subfield code="l">0</subfield>
    <subfield code="o">Tesis S268 2017</subfield>
    <subfield code="p">1101011204</subfield>
    <subfield code="r">2022-01-18 00:00:00</subfield>
    <subfield code="t">Ej. 2</subfield>
    <subfield code="w">2022-01-18</subfield>
    <subfield code="y">CD</subfield>
  </datafield>
  <datafield tag="952" ind1=" " ind2=" ">
    <subfield code="0">0</subfield>
    <subfield code="1">0</subfield>
    <subfield code="2">local</subfield>
    <subfield code="4">0</subfield>
    <subfield code="7">0</subfield>
    <subfield code="8">TesDigL</subfield>
    <subfield code="a">IA_</subfield>
    <subfield code="b">IA_</subfield>
    <subfield code="c">E_L</subfield>
    <subfield code="d">2024-08-01</subfield>
    <subfield code="e">El autor</subfield>
    <subfield code="l">0</subfield>
    <subfield code="p">1201011203</subfield>
    <subfield code="r">2024-08-01 19:14:57</subfield>
    <subfield code="w">2024-08-01</subfield>
    <subfield code="y">TD</subfield>
  </datafield>
</record>
